Channels In The Kids Multiview On AT&T Quiz Stats

 Plays Quiz not verified by Sporcle

Challenge
Share
Tweet
Embed
Score 0/14 Timer 05:00
0 Plays Today
Channel Number Channel Name % Correct
302Disney
100%
304Disney XD
70%
314Nickelodeon
70%
318Nicktoons
50%
320Nick Junior
50%
322Teen Nick
50%
325Cartoon Network
50%
Channel Number Channel Name % Correct
327Boomerang
50%
335Hub
50%
316Nickelodeon2
40%
337SPROUT
40%
326Cartoon Network2
30%
328Qubo
30%
340SMILE
30%

You're not logged in!

Compare scores with friends on all Sporcle quizzes.
Join for Free
OR
Log In

You Might Also Like...

Show Comments

Extras

Created Oct 10, 2012SourceReportNominate
Tags:channel, kid, system

Top Quizzes Today


Score Distribution

Your Account Isn't Verified!

In order to create a playlist on Sporcle, you need to verify the email address you used during registration. Go to your Sporcle Settings to finish the process.

Report this User

Report this user for behavior that violates our Community Guidelines.

Details: